000 00354nam a22001451a 4500
082 _aH3
_bRAJ/S
100 _aRajendra Avasthi
245 _aSuraj kiran ki chhanva/
_cby Rajendra Avasthi
260 _aNew Delhi:
_bParmeshwari,
_c1997.
300 _a160p.
650 _aNovel Hindi
650 _aLiterature Hindi
650 _aLiterature
942 _cBK
999 _c45390
_d45390